header

Manufacturing process controls for the industries of the future (Record no. 60725)

MARC details
000 -LEADER
fixed length control field 01476nam a22003374a 4500
082 04 - DEWEY DECIMAL CLASSIFICATION NUMBER
Classification number 670.422/7
245 10 - TITLE STATEMENT
Title Manufacturing process controls for the industries of the future
260 ## - PUBLICATION, DISTRIBUTION, ETC. (IMPRINT)
Place of publication Washington, D.C. :
Name of publisher National Academy Press,
Year of publication c1998.
300 ## - PHYSICAL DESCRIPTION
Number of Pages xiii, 58 p. :
Other physical details ill.
490 1# - SERIES STATEMENT
Series statement Publication NMAB ;
Series statement Compass series
650 #0 - SUBJECT ADDED ENTRY--TOPICAL TERM
Topical Term Process control.
856 40 - ELECTRONIC LOCATION AND ACCESS
Uniform Resource Identifier http://site.ebrary.com/lib/rucke/Doc?id=10041092

No items available.

© 2026 Rongo University
Contact us: librarian | system librarian | Rongo university